LEADER 01870nam 2200409 n 450 001 996389904003316 005 20200824120755.0 035 $a(CKB)1000000000649164 035 $a(EEBO)2248507640 035 $a(UnM)99843670e 035 $a(UnM)99843670 035 $a(EXLCZ)991000000000649164 100 $a19910725d1561 uy | 101 0 $aeng 135 $aurbn||||a|bb| 200 03$aAn epistle or letter of exhortation vvritten in Latyne by Marcus Tullius Cicero, to his brother Quintus the proconsull or deputy of Asia, wherin the office of a magistrate is connyngly and wisely described. Translated into englyshe by G.G. Set furth and authorised according to the Queenes Maiesties iniunctions$b[electronic resource] 210 $aPrynted at London $cBy Rouland Hall, dwelling in Golding lane at the sygne of the three arrowes$d1561 215 $a[48] p 300 $aG.G. = Goddred Gilby. 300 $aSignatures: A-C. 300 $aReproduction of the original in the Henry E. Huntington Library and Art Gallery. 330 $aeebo-0113 606 $aMagistrates, Roman$vEarly works to 1800 606 $aPolitical science$vEarly works to 1800 615 0$aMagistrates, Roman 615 0$aPolitical science 700 $aCicero$b Marcus Tullius$082411 701 $aGilby$b Goddred$01004728 701 $aCicero$b Quintus Tullius$0391561 801 0$bCu-RivES 801 1$bCu-RivES 801 2$bCStRLIN 801 2$bWaOLN 906 $aBOOK 912 $a996389904003316 996 $aAn epistle or letter of exhortation vvritten in Latyne by Marcus Tullius Cicero, to his brother Quintus the proconsull or deputy of Asia, wherin the office of a magistrate is connyngly and wisely described. Translated into englyshe by G.G. Set furth and authorised according to the Queenes Maiesties iniunctions$92308395 997 $aUNISA LEADER 02032nam 2200505 450 001 9910788155603321 005 20230807205011.0 010 $a0-19-939218-8 035 $a(CKB)2670000000597817 035 $a(MiAaPQ)EBC1962968 035 $a(Au-PeEL)EBL1962968 035 $a(CaPaEBR)ebr11022330 035 $a(CaONFJC)MIL732839 035 $a(OCoLC)903685758 035 $a(EXLCZ)992670000000597817 100 $a20150306h20152015 uy 0 101 0 $aeng 135 $aurcnu|||||||| 181 $2rdacontent 182 $2rdamedia 183 $2rdacarrier 200 00$aAdjuvant analgesics /$fedited by David Lussier, Pierre Beaulieu 210 1$aNew York, New York :$cOxford University Press,$d2015. 210 4$dİ2015 215 $a1 online resource (177 pages) $cillustrations, tables 225 1 $aOxford American Pain Library 311 $a0-19-989181-8 311 $a1-336-01557-8 320 $aIncludes bibliographical references and index. 327 $aRational pharmacotherapy of pain / David Lussier and Pierre Beaulieu -- Classification of analgesics / David Lussier and Pierre Beaulieu -- Antidepressants analgesics / Peter Watson -- Analgesic anticonvulsants / David Lussier -- Cannabinoids as adjuvant analgesics / Pierre Beaulieu and Julie Desroches -- Local anesthetics / Patrick Friederich -- NMDA antagonists as analgesic adjuvants / Philippe Richebe?, Laurent Bollag, Cyril Rivat -- Topical adjuvant analgesics / Jana Sawynok -- Choice of analgesic based on type of pain -- Drug-drug interactions of adjuvant analgesic agents / David R.P. Guay. 410 0$aOxford American pain library. 606 $aChronic pain 606 $aAnalgesics 615 0$aChronic pain. 615 0$aAnalgesics. 676 $a616.0472 702 $aLussier$b David 702 $aBeaulieu$b Pierre$f1958- 801 0$bMiAaPQ 801 1$bMiAaPQ 801 2$bMiAaPQ 906 $aBOOK 912 $a9910788155603321 996 $aAdjuvant analgesics$93709603 997 $aUNINA